00599nam a22002057a 4500003000500000005001700005008004100022010001000063011001000073035001000083040000900093111010400102245010300206260002300309300000900332650002200341650001100363650001000374710000900384CHAP20220817041707.0971013s1993 r 10010 d a21748 a22720 a26815 cCHAP00aGrupo Intergubernamental sobre el Yute, El Kenaf y Fibras Afines. Reunión. (n29d: 1993c: Roma) aInformeb: principales conclusiones de la consulta internacional sobre el yute y el medio ambiente aRoma :bFAO,c1993 a5 p.14aFibras vegetales.14aKenaf.14aYute.0 aFAO.